000 00645cam a22002294a 4500
999 _c117696
_d117696
001 15312882
005 20200619120246.0
008 080602s2010 maua 001 0 eng
020 _a9781292246123 (pbk)
040 _cPK-LaUMT
082 0 0 _a512.9
_222
_bLIA-I
100 1 _aLial, Margaret L.
245 1 0 _aIntroductory algebra /
_cby Margaret L. Lial, John Hornsby and Terry McGinnis
250 _a11th ed.
260 _aHarlow :
_bPearson,
_c2019
300 _a746 p. :
_bill. (chiefly col.) ;
_c28 cm. +
500 _aIncludes index.
650 0 _aAlgebra
700 1 _aHornsby, John,
700 1 _aMcGinnis, Terry.
942 _cBK